<?xml version="1.0" encoding="UTF-8"?>
<record
    xmlns:xsi="http://www.w3.org/2001/XMLSchema-instance"
    xsi:schemaLocation="http://www.loc.gov/MARC21/slim http://www.loc.gov/standards/marcxml/schema/MARC21slim.xsd"
    xmlns="http://www.loc.gov/MARC21/slim">

  <leader>00314nam a22001457a 4500</leader>
  <controlfield tag="003">SGT</controlfield>
  <datafield tag="082" ind1=" " ind2=" ">
    <subfield code="a">617.75</subfield>
    <subfield code="b">C13B</subfield>
  </datafield>
  <datafield tag="100" ind1=" " ind2=" ">
    <subfield code="a">BHOOTRA, AJAY KUMAR</subfield>
  </datafield>
  <datafield tag="245" ind1=" " ind2=" ">
    <subfield code="a">CLINICAL REFRACTION GUIDE </subfield>
  </datafield>
  <datafield tag="250" ind1=" " ind2=" ">
    <subfield code="a">1ST</subfield>
  </datafield>
  <datafield tag="260" ind1=" " ind2=" ">
    <subfield code="a">INDIA</subfield>
    <subfield code="b">JAYPEE</subfield>
    <subfield code="c">2013</subfield>
  </datafield>
  <datafield tag="300" ind1=" " ind2=" ">
    <subfield code="a">124</subfield>
  </datafield>
  <datafield tag="650" ind1=" " ind2=" ">
    <subfield code="a">OPHTHALMOLOGY </subfield>
  </datafield>
  <datafield tag="942" ind1=" " ind2=" ">
    <subfield code="2">ddc</subfield>
    <subfield code="c">BK</subfield>
    <subfield code="0">13</subfield>
  </datafield>
  <datafield tag="952" ind1=" " ind2=" ">
    <subfield code="0">0</subfield>
    <subfield code="1">0</subfield>
    <subfield code="2">ddc</subfield>
    <subfield code="4">0</subfield>
    <subfield code="7">0</subfield>
    <subfield code="8">MEDICAL</subfield>
    <subfield code="a">FM</subfield>
    <subfield code="b">FM</subfield>
    <subfield code="c">TXT</subfield>
    <subfield code="d">2016-12-14</subfield>
    <subfield code="e">ABC</subfield>
    <subfield code="g">195.00</subfield>
    <subfield code="i">SGTU</subfield>
    <subfield code="l">0</subfield>
    <subfield code="o">617.75 C13B</subfield>
    <subfield code="p">FM7776</subfield>
    <subfield code="r">2016-12-14 00:00:00</subfield>
    <subfield code="w">2016-01-02</subfield>
    <subfield code="y">BK</subfield>
    <subfield code="k">6436</subfield>
  </datafield>
  <datafield tag="952" ind1=" " ind2=" ">
    <subfield code="0">0</subfield>
    <subfield code="1">0</subfield>
    <subfield code="2">ddc</subfield>
    <subfield code="4">0</subfield>
    <subfield code="7">0</subfield>
    <subfield code="8">MEDICAL</subfield>
    <subfield code="a">FM</subfield>
    <subfield code="b">FM</subfield>
    <subfield code="c">TXT</subfield>
    <subfield code="d">2016-12-14</subfield>
    <subfield code="e">ABC</subfield>
    <subfield code="g">195.00</subfield>
    <subfield code="i">SGTU</subfield>
    <subfield code="l">6</subfield>
    <subfield code="o">617.75 C13B</subfield>
    <subfield code="p">FM7777</subfield>
    <subfield code="r">2025-04-21 00:00:00</subfield>
    <subfield code="s">2025-04-18</subfield>
    <subfield code="w">2016-01-02</subfield>
    <subfield code="y">BK</subfield>
    <subfield code="k">6436</subfield>
  </datafield>
  <datafield tag="952" ind1=" " ind2=" ">
    <subfield code="0">0</subfield>
    <subfield code="1">0</subfield>
    <subfield code="2">ddc</subfield>
    <subfield code="4">0</subfield>
    <subfield code="7">0</subfield>
    <subfield code="8">MEDICAL</subfield>
    <subfield code="a">FM</subfield>
    <subfield code="b">FM</subfield>
    <subfield code="c">TXT</subfield>
    <subfield code="d">2016-12-14</subfield>
    <subfield code="e">ABC</subfield>
    <subfield code="g">195.00</subfield>
    <subfield code="i">SGTU</subfield>
    <subfield code="l">10</subfield>
    <subfield code="m">1</subfield>
    <subfield code="o">617.75 C13B</subfield>
    <subfield code="p">FM7778</subfield>
    <subfield code="r">2022-02-12 00:00:00</subfield>
    <subfield code="s">2022-01-03</subfield>
    <subfield code="w">2016-01-02</subfield>
    <subfield code="y">BK</subfield>
    <subfield code="k">6436</subfield>
  </datafield>
  <datafield tag="952" ind1=" " ind2=" ">
    <subfield code="0">0</subfield>
    <subfield code="1">0</subfield>
    <subfield code="2">ddc</subfield>
    <subfield code="4">0</subfield>
    <subfield code="7">0</subfield>
    <subfield code="8">MEDICAL</subfield>
    <subfield code="a">FM</subfield>
    <subfield code="b">FM</subfield>
    <subfield code="c">TXT</subfield>
    <subfield code="d">2016-12-14</subfield>
    <subfield code="e">ABC</subfield>
    <subfield code="g">195.00</subfield>
    <subfield code="i">SGTU</subfield>
    <subfield code="l">15</subfield>
    <subfield code="o">617.75 C13B</subfield>
    <subfield code="p">FM7779</subfield>
    <subfield code="r">2025-12-27 00:00:00</subfield>
    <subfield code="s">2025-12-20</subfield>
    <subfield code="w">2016-01-02</subfield>
    <subfield code="y">BK</subfield>
    <subfield code="k">6436</subfield>
  </datafield>
  <datafield tag="952" ind1=" " ind2=" ">
    <subfield code="0">0</subfield>
    <subfield code="1">0</subfield>
    <subfield code="2">ddc</subfield>
    <subfield code="4">0</subfield>
    <subfield code="7">0</subfield>
    <subfield code="8">MEDICAL</subfield>
    <subfield code="a">FM</subfield>
    <subfield code="b">FM</subfield>
    <subfield code="c">TXT</subfield>
    <subfield code="d">2016-12-14</subfield>
    <subfield code="e">ABC</subfield>
    <subfield code="g">195.00</subfield>
    <subfield code="i">SGTU</subfield>
    <subfield code="l">5</subfield>
    <subfield code="o">617.75 C13B</subfield>
    <subfield code="p">FM7780</subfield>
    <subfield code="r">2026-03-23 00:00:00</subfield>
    <subfield code="s">2026-03-10</subfield>
    <subfield code="w">2016-01-02</subfield>
    <subfield code="y">BK</subfield>
    <subfield code="k">6436</subfield>
  </datafield>
  <datafield tag="999" ind1=" " ind2=" ">
    <subfield code="c">10240</subfield>
    <subfield code="d">10240</subfield>
  </datafield>
</record>
